|
|
|
|
| LEADER |
00000nam a2200000 a 4500 |
| 001 |
vtls010338007 |
| 003 |
SK-MaSNL |
| 005 |
20260323111529.0 |
| 007 |
co bg auuua |
| 008 |
240314s2011 xo dablfsp 000 0 slo |
| 015 |
|
|
|a SNBS2013
|
| 020 |
|
|
|a 9788089186808
|q (elektronická kniha)
|
| 040 |
|
|
|a SNK
|b slo
|c SNK
|e AACR2
|
| 041 |
0 |
|
|a slo
|
| 044 |
|
|
|a xo
|c SK
|
| 072 |
|
7 |
|a 551
|x Geológia. Meteorológia. Klimatológia
|2 konspekt
|
| 080 |
|
|
|a 551.51
|2 2001
|
| 080 |
|
|
|a 551.510.522
|2 2001
|
| 080 |
|
|
|a (075.8)
|2 2001
|
| 080 |
|
|
|a (0.034.44)
|2 2001
|
| 100 |
1 |
|
|a Gera, Martin,
|d 1970-
|4 aut
|9 1635323
|
| 245 |
1 |
0 |
|a Fyzika hraničnej vrstvy atmosféry
|h elektronický zdroj
|c Martin Gera, Ján Tomlain, Ingrid Damborská
|
| 250 |
|
|
|a 2. rozšír. vyd.
|
| 260 |
|
|
|a Bratislava
|b Knižničné a edičné centrum FMFI UK
|c 2011
|
| 300 |
|
|
|a 1 elektronický optický disk (CD-ROM)
|b grafy, mp., sch., tab.
|c 12 cm
|
| 500 |
|
|
|a Názov z titulnej obrazovky
|
| 504 |
|
|
|a Bibliogr. odkazy
|
| 516 |
|
|
|a Textový dokument (učebnica), 1 súbor vo formáte pdf
|
| 538 |
|
|
|a Technické požiadavky: PDF prehliadač
|
| 650 |
0 |
7 |
|a atmosféra
|2 SNKPH
|9 3639
|
| 650 |
0 |
7 |
|a fyzika atmosféry
|2 SNKPH
|9 83422
|
| 650 |
0 |
7 |
|a hraničná vrstva atmosféry
|2 SNKPH
|9 464755
|
| 650 |
0 |
7 |
|a Atmosphere
|2 SNKPHeng
|9 421055
|
| 650 |
0 |
7 |
|a Atmospheric physics
|2 SNKPHeng
|9 319486
|
| 650 |
0 |
7 |
|a Boundary layer (Meteorology)
|2 SNKPHeng
|9 544460
|
| 655 |
|
7 |
|a elektronické zdroje
|2 SNKPH
|9 90954
|
| 655 |
|
7 |
|a CD-ROM
|2 SNKPH
|9 70236
|
| 655 |
|
7 |
|a učebnice vysokých škôl
|2 SNKPH
|9 70191
|
| 655 |
|
7 |
|a Electronic resources
|2 SNKPHeng
|9 175546
|
| 655 |
|
7 |
|a Textbooks (higher)
|2 SNKPHeng
|9 276436
|
| 700 |
1 |
|
|a Tomlain, Ján,
|d 1932-
|4 aut
|9 109256
|
| 700 |
1 |
|
|a Damborská, Ingrid,
|d 1971-
|4 aut
|9 199770
|
| 710 |
2 |
|
|a Univerzita Komenského v Bratislave.
|b Fakulta matematiky, fyziky a informatiky
|4 pbl
|9 123895
|
| 919 |
|
|
|a 978-80-89186-80-8
|
| 958 |
|
|
|a NB
|
| 999 |
|
|
|c 836775
|d 838705
|
| 952 |
|
|
|a SNK
|b SNK
|y PREZ
|7 0
|p 17A0835287
|o snkSCDM 4412
|i snk2012/2183
|8 0
|0 0
|1 0
|4 0
|d 2012-01-27
|l 0
|r 2026-02-24 03:57:21
|w 2026-02-24
|